00353nam a2200121Ia 4500008004100000082001700041100001900058245003600077260004000113365000600153630003600159730003600195100415s9999 xx 000 0 und d b2235a581.62 aRoland Arthur aFarming for Pleasure and Profit aLONDONc1880bCHAPMAN AND HALL LTD. b0 aFarming for Pleasure and Profit aFarming for Pleasure and Profit